000 00872nam a22002897a 4500
001 BR7201018
003 BR-BrBNA
005 20230928083827.0
007 ta
008 230509b bl.||||| |||| 00| 0 por d
040 _aBR-BrBNA
_bpor
_cBiblioteca Nacional de Agricultura
041 _a(Por)
072 _aH20
_b4120
_b/G514
090 _ 4120 BR7201018
100 1 _aFigueiredo, M.B.
100 1 _aTeranishi, J.
100 1 _aCardoso, R.M.C.
111 1 _a4. Reuniao da Sociedade Brasileira de Fitopatologia
_cPiracicaba, SP (Brazil)
_dFeb 1971
245 1 _aEstudos sobre especies do genero Verticillium parasitas de plantas no estado de Sao Paulo [fungo, Brasil]
260 3 _a[np](Brasil):
_c[nd].
300 _a2 p.
500 _aPublished after 1971
650 _aFUNGO
650 _aSAO PAULO
909 _a202309
_bLucia
_c55
_dLucia Elande
942 _cBK
999 _c15409
_d15409